00513nam a2200181Ia 4500008004100000020001500041082000800056100001500064245004200079250000600121260003500127300001700162500002400179650001400203942000700217952009000224999001700314230524s9999 xx 000 0 und d a8170089913 bRAJ aR.K.Rajput 2aA Text Book of Automobile Engineering a2 aNew DelhibLaxmi Publi.c2015 a"XIII,984p;" aQuantity Number: 1 aMechanics cBK 00104070aTATCLbTATCLcGENd2023-05-24l0o RAJp54068r2023-05-24w2023-05-24yBK c57704d57704